01087nam a22001577a 45000010005000000030006000050050017000110080041000280400029000690820012000981000015001102450115001252600018002403000050002585200621003089441FISKH20260108113116.0260108b cb ||||| |||| 00| 0 eng d aFISKHbengcFISKHdFISKH a959.603 aAnonymous  aPhnom Penh : b Capital City & Surroundings – A Contemporary Metropolis with Lots to Offer / cBy Annonymous aPhnom Penh :  a54 pages : bcolor illustrations ; c21 cm .  aThis book presents Phnom Penh, Cambodia’s capital, as a modern metropolis full of history, culture, and attractions. It explores the city’s landmarks, museums, markets, riverside areas, and cultural sites, while also covering the surrounding regions. Designed for tourists, students, and general readers, the book highlights urban development, lifestyle, and local traditions, offering practical travel information alongside insights into the city’s historical and contemporary significance. Through photographs and descriptive narratives, it showcases Phnom Penh as a dynamic destination with much to explore.